Modern Library Readers List Quiz Stats

 Plays Quiz Updated May 16, 2019

Score 0/100 Timer 14:00
2 Plays Today
Author Book % Correct
J.R.R. TolkienThe Lord of the Rings
87.2%
George OrwellNineteen Eighty-Four
86.2%
F. Scott FitzgeraldThe Great Gatsby
81.7%
Harper LeeTo Kill a Mockingbird
80.2%
J.D. SalingerCatcher in the Rye
76.9%
George OrwellAnimal Farm
76.3%
John SteinbeckGrapes of Wrath
69.6%
Ayn RandAtlas Shrugged
63.8%
Joseph HellerCatch-22
60.8%
James JoyceUlysses
60%
Aldous HuxleyBrave New World
59.6%
Jack KerouacOn the Road
58.5%
Kurt VonnegutSlaughterhouse-Five
57.1%
William GoldingLord of the Flies
54.3%
Ayn RandThe Fountainhead
51.8%
Ray BradburyFarenheit 451
50.9%
Jack LondonThe Call of the Wild
49.2%
Vladimir NabokovLolita
47.7%
Joseph ConradHeart of Darkness
47.6%
Margaret MitchellGone With the Wind
45.1%
Douglas AdamsThe Hitchhiker's Guide to the Galaxy
41.2%
William FaulknerThe Sound and the Fury
41.2%
Toni MorrisonBeloved
40.5%
Stephen KingIt
39.6%
Ken KeseyOne Flew Over the Cuckoo's Nest
36.7%
Ernest HemingwayThe Sun Also Rises
34.9%
Ralph EllisonInvisible Man
34.6%
Anthony BurgessA Clockwork Orange
33.7%
Salman RushdieThe Satanic Verses
31.3%
Ernest HemingwayA Farewell to Arms
30.2%
Frank HerbertDune
28.5%
William FaulknerAs I Lay Dying
28.5%
James JoyceA Portrait of the Artist as a Young Man
26.9%
Virginia WoolfTo the Lighthouse
26.7%
Author Book % Correct
Tom ClancyThe Hunt for Red October
26.6%
Orson Scott CardEnder's Game
26.2%
Stephen KingThe Stand
24.6%
Margaret AtwoodThe Handmaid's Tale
23.7%
John IrvingThe World According to Garp
20.6%
Ayn RandAnthem
19.3%
Willa CatherMy Antonia
18.3%
John IrvingA Prayer for Owen Meany
17.7%
Evelyn WaughBrideshead Revisited
17.6%
Thomas PynchonGravity's Rainbow
16.8%
Richard AdamsWatership Down
16.7%
Henry MillerTropic of Cancer
16.2%
William S. BurroughsNaked Lunch
16.2%
L. Ron HubbardBattlefield Earth
15.7%
Robert HeinleinStranger in a Strange Land
14.7%
Carson McCullersThe Heart is a Lonely Hunter
14.7%
William FaulknerAbsalom, Absalom!
14.4%
William FaulknerLight in August
13.6%
Thomas PynchonV.
12.8%
Robert GravesI, Claudius
12.3%
Cormac McCarthyBlood Meridian
11.8%
W. Somerset MaughamOf Human Bondage
10.8%
John FowlesThe French Lieutenant's Woman
10.5%
Nevil ShuteOn the Beach
8.9%
Robert HeinleinStarship Troopers
8.3%
Ray BradburySomething Wicked This Way Comes
8.3%
Ayn RandWe The Living
7.8%
John FowlesThe Magus
7.5%
Robert PirsigZen and the Art of Motorcycle Maintenance
6.8%
Malcolm LowryUnder the Volcano
6.6%
Nevil ShuteA Town Like Alice
6.5%
Walker PercyThe Moviegoer
5.7%
Robert HeinleinThe Moon is a Harsh Mistress
5.2%
Flannery O'ConnorWise Blood
4.6%
Author Book % Correct
Shirley JacksonThe Haunting of Hill House
4.5%
Sinclair LewisArrowsmith
4.3%
Ken KeseySometimes a Great Notion
4.2%
Paul BowlesThe Sheltering Sky
3.9%
Flann O'BrienAt Swim-Two-Birds
3.9%
L. Ron HubbardFear
3.6%
Robertson DaviesFifth Business
2.9%
Cormac McCarthySuttree
2.8%
L. Ron HubbardMission Earth
2.6%
H.P. LovecraftAt the Mountains of Madness
2.5%
Jack SchaeferShane
2.4%
William GaddisThe Recognitions
2.2%
Charles de LintMoonheart
2.1%
Charles de LintYarrow
1.8%
Robert HeinleinDouble Star
1.7%
Robert HeinleinThe Door Into Summer
1.7%
Richard BachIllusions
1.7%
Robert HeinleinThe Puppet Masters
1.7%
Robert HeinleinCitizen of the Galaxy
1.7%
Laurell K. HamiltonGuilty Pleasures
1.6%
Nevil ShuteTrustee from the Toolroom
1.5%
Charles de LintSomeplace to be Flying
1.4%
Charles de LintMemory and Dream
1.4%
Charles de LintTrader
1.4%
E.R. EddisonThe Worm Ouroboros
1.4%
Terri WindlingThe Wood Wife
1.4%
Charles de LintGreenmantle
1.2%
Robertson DaviesThe Cunning Man
1.2%
Charles de LintThe Little Country
1.2%
Robert HoldstockMythago Wood
1.1%
Mickey SpillaneOne Lonely Night
1%
Charles de LintMulengro: A Romany Tale
1%

You're not logged in!

Compare scores with friends on all Sporcle quizzes.
OR
Log In

Sporcle TV

Today on Sporcle TV


Watch our educational content, quiz creation guides, and fun videos on Sporcle TV.

Show Comments

Extras

Top Quizzes Today


Score Distribution

Your Account Isn't Verified!

In order to create a playlist on Sporcle, you need to verify the email address you used during registration. Go to your Sporcle Settings to finish the process.

Report this User

Report this user for behavior that violates our Community Guidelines.

Details: